000 00445nam a2200157Ia 4500
008 240729s9999 xx 000 0 und d
022 _a2355-9179
245 0 _aIndonesian Biomedical Journal
260 _aIndonesia
260 _bSecretariat of The Indonesian Biomedical Journal
650 _a Medicine (General)
650 _aMedicine
856 _uhttps://doaj.org/toc/f4fb46830df14d34a08093b7281f5826
942 _2ddc
942 _cDOAJEJ
999 _c66056
_d66056
945 _a1
_bMadushi Gamage
_c1
_dMadushi Gamage